| 000 | 00517nam a2200169Ia 4500 | ||
|---|---|---|---|
| 003 | SGT | ||
| 020 | _a9788173715228 | ||
| 082 |
_a5.133 _bSAH |
||
| 100 | _aSahni,Sartaj | ||
| 245 | _aData structures algorithms and application in C++ | ||
| 250 | _a2nd Ed. | ||
| 260 |
_bUniversity Press _aN.Delhi _c2008 |
||
| 300 | _a790p. | ||
| 650 | _aCOMPUTER SCIENCE | ||
| 653 | _aC++ REVIEW, PERFORMANCE ANALYSIS, ASYMPTOTIC NOTATION, PERFORMANCE MEASUREMENT, ARRAYS AND MATRICES,BINARY AND OTHER TREES | ||
| 942 |
_2ddc _cBK _022 |
||
| 999 |
_c5062 _d5062 |
||